000 00941nam a22003017a 4500
003 CHAP
005 20220329143459.0
008 100115s1977 mx a r 00010 spa d
010 _a97286
011 _a98258
020 _a968409051X
035 _a108942
040 _cCHAP
082 0 4 _a920.71
_bC54
100 1 _aClarck, Ronald W.
_923595
245 1 0 _aEdison :
_bel hombre que inventó el futuro
_c/por Ronald W. Clarck
260 _aMéxico, D.F. :
_bEDAMEX,
_c1977
300 _a239 p. :
_bilus.
590 _aBATCH-UPD
_b10
_c20130110
_lUCH01
_h1717
590 _aBATCH-UPD
_b10
_c20130410
_lUCH01
_h1102
590 _aBATCH-UPD
_b10
_c20130914
_lUCH01
_h0301
590 _aCONVERSION
_b10
_c20130109
_lUCH01
_h1354
600 1 4 _aAlva Edison Thomas
_d(1847 - 1931)
_kBiografía
_94739
650 1 4 _aInventos.
_960171
901 _aBK
942 _cLIBRO
949 _a920.71 C54
_bBC
_cLIBRO
_d33724002118413
_eLIBRO
_gI.c/e
_h111583
_i108942
_si
999 _c97286
_d97286